Devinez la Capitale Mystère #126 - Statistiques

Statistiques générales
  • Ce quiz a été pris 117 fois
  • Le résultat moyen est 27 sur 35
Statistiques - réponses
Type de Réponse Réponse % Correct
Lettre Trouvée A
100%
Lettre Trouvée I
99%
Lettre Trouvée O
99%
Lettre de l'Alphabet S
98%
Lettre Trouvée R
97%
Lettre de l'Alphabet E
95%
Lettre de l'Alphabet N
95%
Lettre Trouvée L
94%
Lettre de l'Alphabet B
93%
Lettre Trouvée P
93%
Lettre Bien Placée P
92%
Lettre Bien Placée R
92%
Lettre Trouvée T
91%
Lettre Bien Placée O
86%
Lettre de l'Alphabet U
85%
Lettre de l'Alphabet M
84%
Lettre de l'Alphabet D
83%
Lettre de l'Alphabet H
78%
Lettre de l'Alphabet K
78%
Lettre de l'Alphabet G
77%
Lettre de l'Alphabet C
72%
Lettre de l'Alphabet W
72%
Lettre Bien Placée T
70%
Lettre de l'Alphabet Y
63%
Lettre Trouvée V
62%
Lettre Bien Placée A
61%
Lettre de l'Alphabet J
60%
Lettre de l'Alphabet X
59%
Lettre de l'Alphabet F
54%
Lettre Bien Placée L
53%
Lettre de l'Alphabet Z
53%
Lettre de l'Alphabet Q
48%
Lettre Bien Placée V
48%
Lettre Bien Placée I
47%
Capitale Mystère Port-Vila
46%
Aucun quiz correspondant
Distribution des résultats
% des personnes avec chaque résultat
Percentile par nombre de réponses
Votre historique - résultats
Vous n’avez pas pris ce quiz